| 000 | 004460000a22001690004500 | ||
|---|---|---|---|
| 003 | MACL | ||
| 005 | 20160110170739.0 | ||
| 008 | 160110b xxu||||| |||| 00| 0 eng d | ||
| 040 |
_aMACL _cMACL |
||
| 041 | _aEnglish | ||
| 082 | _a923.2/SHE | ||
| 100 |
_aSheem, Vincent _930214 |
||
| 245 |
_aMahatma Gandhi _ba great life in brief |
||
| 260 |
_bPublications Division _c1968 _aFaridabad |
||
| 650 |
_aBiography _931099 |
||
| 942 |
_cBK _k923.2/SHE _2ddc |
||
| 999 |
_c36073 _d36073 |
||